Introduction to modern optics (Record no. 4989)

000 -LEADER
fixed length control field 00528nam a2200205 4500
001 - CONTROL NUMBER
control field 4989
003 - CONTROL NUMBER IDENTIFIER
control field BD-DhUET
008 - FIXED-LENGTH DATA ELEMENTS--GENERAL INFORMATION
fixed length control field 720127t19721971nyua b 001 0 eng
020 ## - INTERNATIONAL STANDARD BOOK NUMBER
International Standard Book Number 0070231567
040 ## - CATALOGING SOURCE
Original cataloging agency DLC
Transcribing agency DLC
Modifying agency BD-DhUET
082 00 - DEWEY DECIMAL CLASSIFICATION NUMBER
Classification number 535
Item number GHA/1971
100 ## - MAIN ENTRY--PERSONAL NAME
Personal name Ghatak, Ajoy K.
245 13 - TITLE STATEMENT
Title Introduction to modern optics
Statement of responsibility, etc. by Ajoy K. Ghatak
250 ## - EDITION STATEMENT
Edition statement 1st ed.
260 ## - PUBLICATION, DISTRIBUTION, ETC. (IMPRINT)
Place of publication, distribution, etc. New York
Name of publisher, distributor, etc. McGraw-Hill
Date of publication, distribution, etc. 1971
300 ## - PHYSICAL DESCRIPTION
Extent xix, 368 p.
Other physical details ill.
Dimensions 24 cm.
504 ## - BIBLIOGRAPHY, ETC. NOTE
Bibliography, etc Includes bibliographies
650 #0 - SUBJECT ADDED ENTRY--TOPICAL TERM
Topical term or geographic name as entry element Optics
942 ## - ADDED ENTRY ELEMENTS (KOHA)
Koha item type General Book
Holdings
Koha date last seen Koha full call number Not for loan Date acquired Copy number Lost status Price effective from Koha item type Withdrawn status Piece designation (barcode) Source of classification or shelving scheme Location (home branch) Damaged status Shelving location Sublocation or collection (holding branch) Koha normalized classification for sorting
2014-11-24535/GHA/1971 2014-11-241 2014-11-24General Book 33567 Central Library, BUET Circulation sectionCentral Library, BUET535_000000000000000_GHA_1971
2014-11-24535 GHA/1971 2014-11-242 2014-11-24General Book 33568 Central Library, BUET Circulation sectionCentral Library, BUET535_000000000000000_GHA1971